000 01007nam0a2200301 4500
001 RU\NLR\BIBL_A\012186308
005 20250623223232.0
010 _93000
035 _a(NLR Aleph) 012186308
090 _a13299543
_c13299543
100 _a20200124d1984 |||y0rusy50 ca
101 0 _akir
102 _aKG
105 _ay z 000gy
181 0 _ai
_baxxe
182 0 _an
200 1 _aТандамалар
_dырлар жана поэмалар
_fСооронбай Жусуев
203 _aТекст
_bвизуальный
_cнепосредственный
210 _aФрунзе
_c"Кыргызстан"
_d1984
215 _a256,[1] c.
_cпортр.
_d17
541 1 _6z01790
_aИзбранное
_eстихи и поэмы
_zrus
686 1 _aШ6(2=Ки)7-5
700 1 _aЖусуев
_bС.
_f1925-2016
_gСооронбай
_4070
790 1 _6z01541
_aДжусуев
_bС.
_f1925-2016
_gСооронбай
_4070
852 _aNLR
_bОНЛ
_jКирг./2-8188
942 _cBOOK
980 _aNB